Normal view MARC view

Entry Personal Name

Number of records used in: 1

001 - CONTROL NUMBER

  • control field: 20134

003 - CONTROL NUMBER IDENTIFIER

  • control field: OSt

005 - DATE AND TIME OF LATEST TRANSACTION

  • control field: 20211123140927.0

008 - FIXED-LENGTH DATA ELEMENTS

  • fixed length control field: 211123|| aca||aabn | a|a d

040 ## - CATALOGING SOURCE

  • Original cataloging agency: OSt
  • Transcribing agency: OSt

100 ## - HEADING--PERSONAL NAME

  • Personal name: Yadav, Hridai Ram,
  • Dates associated with a name: 1957-

670 ## - SOURCE DATA FOUND

  • Source citation: Work cat.: (OSt)19776: Yadav, Hridai Ram, 1957-, Agro-afforestation management on wastelands :, 2011.